Arrondissements de Paris - Carte Quiz - Statistiques

Statistiques générales
  • Ce quiz a été pris 1 074 fois
  • Le résultat moyen est 15 sur 20
Réponses sur la Carte
Les réponses sont colorées sur une échelle allant du rouge au vert en fonction du pourcentage des utilisateurs qui les ont devinées à leur premier essai. Vous pouvez retrouver ces pourcentages ci-dessous.
 
Statistiques - réponses
Réponse % Correct
16
82%
1
81%
18
81%
13
80%
14
80%
15
80%
17
80%
19
79%
10
77%
11
77%
20
77%
5
77%
12
76%
7
76%
6
75%
8
75%
9
75%
3
74%
2
73%
4
66%
Aucun quiz correspondant
Distribution des résultats
% des personnes avec chaque résultat
Percentile par nombre de réponses
Votre historique - résultats
Vous n’avez pas pris ce quiz